LEADER 00675nam a2200205 i 4500 001 000000134191 003 CaOOAMICUS 005 20220309094514.0 008 050126s1974 it u000 u ita u 013 $a107273 040 $aSeMil$bita 245 00$aTomo 1. 300 $aLXII, 1018 p. 541 0 $aFondo Ciprandi (1E V 154/1) 773 0 $aFoscolo, Ugo <1778-1827>$tOpere.$dMilano ; Napoli : Ricciardi, 1974-1981.$kLetteratura italiana : storia e testi$gTomo1$w()12820 850 $aSeMil 852 $aSeMil$W1$xVenegono$y1$m1E V 154/1$j87958$B87958$CSeMilBibl$Z2$F92114 $81 941 1 $a1 996 $6245$aTomo 1$9(OLS)http://semarc/title/46685 LEADER 00854nam a2200217 i 4500 001 000000051233 003 CaOOAMICUS 005 20100406000000.0 008 100406s1954 xx u000 u lat u 013 $a22405 040 $aSeMil$bita 245 10$aMorale chrétienne et requêtes contemporaines. 260 $aTournai-Paris :$bCasterman,$c1954. 300 $a291 p. ;$c22 cm. 490 0 $aCahiers de l'actualité religieuse 650 4$aTeologia morale.$0(OLS)http://semarc/subject/91 830 0$aCahiers de l'actualité religieuse.$0(OLS)http://semarc/title/18301 850 $aSeMil 852 $aSeMil$W1$xVenegono$y1$m2F III 97$j17388$B17388$CSeMilBibl$Z2$F17389 $81 996 $6245$aMorale chrétienne et requêtes contemporaines$9(OLS)http://semarc/title/78405 996 $6260$aTournai-Paris :$bCasterman$9(OLS)http://semarc/publisher/30023 LEADER 00828nam a2200193 i 4500 001 000000057459 003 CaOOAMICUS 005 19971008000000.0 008 971008n xx u000 u lat u 013 $a28631 040 $aSeMil$bita 100 1 $aCzerwik, Stanislao.$0(OLS)http://semarc/name/29217 245 10$aHomilia Paschalis apud Patres usque ad saeculum quintum :$bInvestigatio liturgico-pastoralis. 650 4$aPatristica.$0(OLS)http://semarc/subject/3585 650 4$aTesi di laurea.$0(OLS)http://semarc/subject/1690 650 4$aPasqua.$0(OLS)http://semarc/subject/5612 850 $aSeMil 852 $aSeMil$W1$xVenegono$y1$m2I V 315$j23613$B23613$CSeMilBibl$Z2$F23615 $81 996 $6245$aHomilia Paschalis apud Patres usque ad saeculum quintum :$bInvestigatio liturgico-pastoralis$9(OLS)http://semarc/title/89428